Financial deepening in asean countries
Zapisane w:
| 1. autor: | |
|---|---|
| Format: | Książka |
| Język: | Undetermined |
| Wydane: |
Honelulu
Pacific forum
1980
|
| Hasła przedmiotowe: | |
| Etykiety: |
Dodaj etykietę
Nie ma etykietki, Dołącz pierwszą etykiete!
|
| Thư viện lưu trữ: | Trung tâm Học liệu Trường Đại học Cần Thơ |
|---|
| LEADER | 00516nam a2200193Ia 4500 | ||
|---|---|---|---|
| 001 | CTU_89242 | ||
| 008 | 210402s9999 xx 000 0 und d | ||
| 082 | |a 332.15 | ||
| 082 | |b V694 | ||
| 100 | |a Viksnins, George J. | ||
| 245 | 0 | |a Financial deepening in asean countries | |
| 245 | 0 | |c George J. Viksnins | |
| 260 | |a Honelulu | ||
| 260 | |b Pacific forum | ||
| 260 | |c 1980 | ||
| 650 | |a Financial | ||
| 650 | |z Asia, southeastern | ||
| 904 | |i Bằng | ||
| 980 | |a Trung tâm Học liệu Trường Đại học Cần Thơ | ||